Toutes les mascottes des parcs Disneyland par images - Statistiques

Statistiques générales
  • Ce quiz a été pris 66 fois
  • Le résultat moyen est 198 sur 476
Statistiques - réponses
Par images Hint Réponse % Correct
Steamboat Willie - 1928 Mickey Mouse
98%
Steamboat Willie - 1928 Minnie Mouse
98%
The Mandalorian - 2019 Din Djarin
96%
Super Baloo - 1990 Don Carnage
94%
La symphonie enchantée - 1930 Pluto
94%
Mickey au théâtre - 1932 Dingo
92%
Une petite poule avisée - 1934 Donald Duck
92%
Blanche-Neige et les septs nains - 1937 Blanche-Neige
91%
Alice au pays des merveilles - 1951 Tweedle Dee et Tweedle Dum
91%
L'entreprenant M.Duck - 1940 Daisy Duck
89%
Alice solves the puzzle - 1925 Pat Hibulaire
89%
Peter Pan - 1953 Peter Pan
89%
Le Fléau de Capistrano - 1919 Zorro
89%
La Reine des neiges - 2013 Anna
87%
Peter Pan - 1953 Capitaine Crochet
87%
Cruella - 2021 Cruella d'Enfer
87%
Dumbo - 1941 Dumbo
87%
Peter Pan - 1953 Fée Clochette
87%
Blanche-Neige et les septs nains - 1937 Grincheux
87%
Cendrillon - 1950 Jack
87%
Pinocchio - 1940 Pinocchio
87%
Pluto soldat - 1943 Tic et Tac
87%
Cendrillon - 1950 Cendrillon
85%
En Avant - 2020 Ian Lightfoot
85%
La Belle au bois dormant- 1959 Maléfique
85%
Maléfique - 2014 Maléfique
85%
Merlin l'enchanteur - 1963 Merlin
85%
Blanche-Neige et les septs nains - 1937 Simplet
85%
Alice au pays des merveilles - 1951 Alice
83%
Vengeance - 2011 America Chavez
83%
La Petite Sirène - 1989 Ariel
83%
La Petite Sirène - 2023 Ariel
83%
Ariel - 2024 Ariel
83%
Captain America - 1940 Captain America
83%
Tic et Tac, les rangers du risque - 1989 Jack
83%
L'étrange Noël de M. Jack - 1993 Jack Skellington
83%
Pirates des Caraïbes : La Malédiction du Black Pearl - 2003 Jack Sparrow
83%
Vice-Versa - 2015 Joie
83%
Blanche-Neige et les septs nains - 1937 La méchante reine
83%
Les neveux de Donald - 1937 Loulou Duck
83%
Les Aristochats - 1970 Marie
83%
Bambi - 1942 Panpan
83%
Le Livre de la jungle - 1967 Baloo
81%
Les neveux de Donald - 1937 Fifi Duck
81%
La Petite Sirène - 1989 Prince Eric
81%
Les neveux de Donald - 1937 Riri Duck
81%
Amazing Fantasy - 1962 Spider-Man
81%
Winnie l'ourson - 1977 Tigrou
81%
Winnie l'ourson - 1977 Winnie
81%
La Belle au bois dormant- 1959 Aurore
79%
Toy Story - 1995 Buzz l'eclair
79%
Buzz l'Eclair - 2022 Buzz l'Eclair
79%
Spirou et les Héritiers - 1953 Marsupilami
79%
Mary Poppins - 1964 Mary Poppins
79%
La Reine des neiges - 2013 Olaf
79%
Raiponce - 2010 Raiponce
79%
Peter Pan - 1953 Wendy Darling
79%
Les Simpson - 1989 Bart Simpson
77%
La Belle et la Bête - 1991 Belle
77%
? - 1945 Bibi Lapin
77%
Vice-Versa - 2015 Colère
77%
Star Wars, épisode IV : Un nouvel espoir - 1977 Dark Vador
77%
Tales of Astonish - 1960 Groot
77%
Cendrillon - 1950 Gus
77%
Les Simpson - 1989 Homer Simpson
77%
Strange Tales - 1963 Iron Man
77%
Alice au pays des merveilles - 1951 La Reine de Cœur
77%
Aladdin - 1992 Le Génie
77%
Le Livre de la jungle - 1967 Mowgli
77%
Winnie l'ourson - 1977 Porcinet
77%
La Belle au bois dormant- 1959 Prince Philippe
77%
Les Mondes de Ralph - 2012 Ralph
77%
Tarzan - 1999 Tarzan
77%
Venus - 1951 Thor
77%
Volt, star malgré lui - 2008 Volt
77%
Toy Story - 1995 Woody
77%
Aladdin - 1992 Aladdin
75%
Noël sur le mont Ours - 1947 Balthazar Picsou
75%
Bernard et Bianca - 1977 Bernard
75%
Bernard et Bianca - 1977 Bianca
75%
La Reine des neiges - 2013 Elsa
75%
Cars - 2006 Flash McQueen
75%
Pinocchio - 1940 Geppetto
75%
Aladdin - 1992 Jasmine
75%
Kuzco, l'empereur mégalo - 2000 Kuzco (Humain)
75%
Kuzco, l'empereur mégalo - 2000 Kuzco (Lama)
75%
La Belle et la Bête - 1991 La Bête
75%
Lilo et Stitch - 2002 Lilo
75%
Toy Story - 1995 Monsieur Patate
75%
Mulan - 1998 Mulan
75%
Pocahontas - 1995 Pocahontas
75%
Star Wars, épisode IV : Un nouvel espoir - 1977 R2-D2
75%
Robin des Bois - 1973 Robin
75%
Lilo et Stitch - 2002 Stitch
75%
Winnie l'ourson - 1977 Bourriquet
74%
Blanche-Neige et les septs nains - 1937 Dormeur
74%
Hercule - 1997 Hercule
74%
Luca - 2021 Luca Paguro
74%
Les Simpson - 1989 Marge Simpson
74%
Ratatouille - 2007 Rémy
74%
Le Roi lion - 1994 Timon
74%
Alice au pays des merveilles - 1951 Le Chapelier fou
72%
Alice au pays des merveilles - 2010 Le Chapelier Fou
72%
Les Simpson - 1989 Lisa Simpson
72%
La Princesse et la Grenouille - 2009 Prince Naveen
72%
Vice-Versa - 2015 Tristesse
72%
Phinéas et Ferb - 2007 Ferb
70%
Aladdin - 1992 Jafar
70%
Pinocchio - 1940 Jiminy Cricket
70%
Blanche-Neige et les septs nains - 1937 Joyeux
70%
Peter Pan - 1953 M. Mouche
70%
Phinéas et Ferb - 2007 Phinéas
70%
La Belle et la Bête - 1991 Prince Adam
70%
Blanche-Neige et les septs nains - 1937 Prince Floriant
70%
Cendrillon - 1950 Prince Henri
70%
Blanche-Neige et les septs nains - 1937 Prof
70%
Raya et le Dernier Dragon - 2021 Raya
70%
Qui veut la peau de Roger Rabbit - 1988 Roger Rabbit
70%
Peter Pan - 1953 Tic-Tac
70%
Vaiana - 2016 Vaiana
70%
Wall-E - 2008 Wall-E
70%
Merlin l'enchanteur - 1963 Arthur
68%
Bluey - 2018 Bluey
68%
Monstres et Cie - 2001 Bob
68%
Star Wars: Clone Wars - 2008 Capitaine Rex
68%
The New Mutants - 1991 Deadpool
68%
Cendrillon - 1950 La marraine fée
68%
La Belle et la Bête - 1991 Lumière
68%
Toy Story - 1995 Rex
68%
Blanche-Neige et les septs nains - 1937 Atchoum
66%
Le Roi lion - 1994 Ed
66%
Le Bossu de Notre-Dame - 1996 Esmeralda
66%
La Belle et la Bête - 1991 Gaston
66%
Hercule - 1997 Hadès
66%
Journey into Mystery - 1962 Jane Foster
66%
Tarzan - 1999 Jane Porter
66%
La Planète au trésor - 2002 Jim Hawkins
66%
Blanche-Neige et les septs nains - 1937 La sorcière
66%
Mira, détective royale - 2020 Mira
66%
Robin des Bois - 1973 Prince Jean
66%
La Petite Sirène - 1989 Sébastien
66%
Blanche-Neige et les septs nains - 1937 Timide
66%
Doug - 1991 Doug
64%
Là-Haut - 2009 Doug
64%
Cars - 2006 Martin
64%
Les 4 fantastiques - 1990 Ouroboros
64%
Le Roi lion - 1994 Rafiki
64%
Les Aristochats - 1970 Toulouse
64%
Cendrillon - 1950 Javotte
62%
Le grand méchant Loup - 1934 Le grand méchant Loup
62%
Journey into Mystery - 1962 Loki
62%
Star Wars, épisode IV : Un nouvel espoir - 1977 Luke Skywalker
62%
Rebelle - 2012 Mérida
62%
Le Bossu de Notre-Dame - 1996 Quasimodo
62%
Princesse Sofia - 2012 Sofia
62%
La Princesse et la Grenouille - 2009 Tiana
62%
Les 4 Fantastiques - 1966 Black Panther
60%
Star Wars, épisode IV : Un nouvel espoir - 1977 Chewbacca
60%
Raiponce - 2010 Flynn Rider
60%
Alice au pays des merveilles - 1951 Le lapin blanc
60%
Mulan - 1998 Mushu
60%
Sgt. Fury and his Howling Commandos - 1963 Nick Fury
60%
Star Wars, épisode IV : Un nouvel espoir - 1977 Princesse Leia
60%
Monstres et Cie - 2001 Sully
60%
Aladdin - 1992 Abu
58%
Basil, détective privé -1986 Basil
58%
Star Wars, épisode IV : Un nouvel espoir - 1977 C-3PO
58%
Strange Tales - 1963 Docteur Strange
58%
Toy Story 2 - 1999 Jessie
58%
Toy Story - 1995 La Bergère
58%
Vampirina - 2017 Vampirina
58%
Les Mondes de Ralph - 2012 Vanellope
58%
Cendrillon - 1950 Anastasie
57%
Tales of Astonish - 1962 Ant-Man
57%
Les Aristochats - 1970 Berlioz
57%
Elena d'Avalor - 2016 Elena d'Avalor
57%
Kim Possible - 2002 Kim
57%
La Reine des neiges - 2013 Kristoff
57%
Oliver et Compagnie -1988 Oliver
57%
Star Wars, épisode II : L'Attaque des clones - 2002 Soldat clone
57%
Toy Story - 1995 Soldat Vert
57%
L'Incroyable Hulk - 1974 Wolverine
57%
Les Indestructibles - 2004 Edna Mode
55%
Les Aventuriers de l'arche perdue - 1981 Indiana Jones
55%
Cars 3 - 2017 Jackson Storm
55%
1001 Pattes - 1998 Manny
55%
Manny et ses outils - 2006 Manny
55%
Raiponce - 2010 Mère Gothel
55%
Tales of Suspense - 1964 Black Widow
53%
Winnie l'ourson - 1977 Coco Lapin
53%
La Petite Sirène - 1989 Louis
53%
La Princesse et la Grenouille - 2009 Louis
53%
Hercule - 1997 Megara
53%
Les Indestructibles - 2004 Monsieur Indestructible
53%
Star Wars, épisode IV : Un nouvel espoir - 1977 Anakin Skywalker
51%
Pinocchio - 1940 La fée bleue
51%
Vaiana - 2016 Maui
51%
Papa Dingo - 1951 Max
51%
La Petite Sirène - 1989 Max
51%
La Planète au trésor - 2002 Ben
49%
Fantasia - 1940 Ben Ali Gator
49%
Jake et les Pirates du Pays imaginaire - 2011 Jake
49%
Alice au pays des merveilles - 1951 Le Roi de Cœur
49%
Ratatouille - 2007 Linguini
49%
Coco - 2017 Miguel Rivera
49%
Robin des Bois - 1973 Petit-Jean
49%
Star Wars, épisode VII : Le Réveil de la Force - 2015 BB-8
47%
Encanto - 2021 Bruno Madrigal
47%
Mickey's Mellerdrammer Clara Cluck
47%
Pocahontas - 1995 John Smith
47%
Zootopie - 2016 Judy Hopps
47%
Winnie l'ourson - 1977 Maman Gourou et Petit Gourou
47%
Encanto - 2021 Mirabel Madrigal
47%
La Belle et la Bête - 1991 BigBen
45%
Marvel Super-Heroes - 1968 Captain Marvel
45%
Les Indestructibles - 2004 Elastigirl
45%
La Reine des neiges - 2013 Hans
45%
Peter Pan - 1953 John Darling
45%
Alice au pays des merveilles - 1951 le Chat du Cheshire
45%
Aladdin - 1992 Le Sultan
45%
Amazing Spider-Man - 1982 Monica Rambeau
45%
Fancy Nancy - 2018 Nancy
45%
Zootopie - 2016 Nick Wilde
45%
Rolie Polie Olie - 1998 Olie Polie
45%
X-Men - 1964 Sorcière rouge
45%
Star Wars, épisode IV : Un nouvel espoir - 1977 Stormtrooper
45%
Star Wars, épisode VII : Le Réveil de la Force - 2015 Stormtrooper du Premier Ordre
45%
Robin des Bois - 1973 Belle Marianne
43%
Monstres et Cie - 2001 Bouh
43%
Chicken Little - 2005 Chicken Little
43%
Winnie l'ourson - 1977 Jean-Christophe
43%
Sam and Friends - 1955 Kermit
43%
Toy Story - 2010 Lotso
43%
L'étrange Noël de M. Jack - 1993 Sally
43%
Kuzco, l'empereur mégalo - 2000 Yzma
43%
La fête joyeuse - 1930 Clarabelle
42%
Hercule - 1997 Panique
42%
Stanley - 2001 Stanley
42%
Les Nouveaux Héros - 2014 Baymax
40%
La Princesse et la Grenouille - 2009 Docteur Facilier
40%
Les Aristochats - 1970 Edgar
40%
L'Incroyable Hulk - 1969 Hulk
40%
Winnie l'ourson - 1977 Maître Hibou
40%
Pinocchio - 1940 Stromboli
40%
Au temps de la guerre des étoiles - 1978 Boba Fett
38%
Elementaire - 2023 Flam Lumen
38%
Le Bossu de Notre-Dame - 1996 Frollo
38%
Les Indestructibles - 2004 Frozone
38%
Merlin l'enchanteur - 1963 Madame Mime
38%
Star Wars, épisode IV : Un nouvel espoir - 1977 Palpatine
38%
Marvel Preview - 1976 Peter Quill
38%
Toy Story 2 - 1999 Pile-Poil
38%
Toy Story - 1995 Sid
38%
Star Wars, épisode I : La Menace fantôme - 1999 Dark Maul
36%
Robin des Bois - 1973 Frère Tuck
36%
Là-Haut - 2009 Kevin
36%
Vice-Versa - 2015 Bing Bong
34%
Ratatouille - 2007 Emile
34%
Qui veut la peau de Roger Rabbit - 1988 Jessica Rabbit
34%
Jojo Circus - 2003 Jojo
34%
Kuzco, l'empereur mégalo - 2000 Kronk
34%
Cendrillon - 1950 Lady Tremaine
34%
Alice au pays des merveilles - 1951 Le Lièvre de Mars
34%
Star Wars, épisode VII : Le Réveil de la Force - 2015 Rey Skywalker
34%
Là-Haut - 2009 Carl Fredricksen
32%
Coco - 2017 Ernesto de la Cruz
32%
La Belle au bois dormant- 1959 Flora
32%
Frère des ours - 2003 Koda
32%
Pauvre papa - 1927 Oswald le lapin chanceux
32%
Phinéas et Ferb - 2007 Perry l'ornithorynque
32%
La Belle au bois dormant- 1959 Pimprenelle
32%
Les 101 dalmatiens - 1961 Cruella d'Enfer
30%
Tales of Suspense - 1964 Œil de Faucon
30%
La Belle au bois dormant- 1959 Pâquerette
30%
Hercule - 1997 Peine
30%
Le Monde de Narnia Le Prince Caspian - 2008 Prince Caspian
30%
Là-Haut - 2009 Russel
30%
Lilo et Stitch, la série - 2003 Angel
28%
Les Aventures d'Ezra - 2014 Ezra Bridger
28%
Strange Tales - 1975 Gamora
28%
Encanto - 2021 Isabela Madrigal
28%
Le vilain petit canard - 1939 Le vilain petit canard
28%
Le grand méchant Loup - 1934 Naf-Naf
28%
L'étrange Noël de M. Jack - 1993 Oogie Boogie
28%
Mulan - 1998 Shan Yu
28%
Wish - 2023 Asha
26%
Captain America - 1940 Crâne rouge
26%
Pinocchio - 1940 Grand coquin
26%
A-Next - 1999 Hope Pym
26%
Soul - 2020 Joe Gardner
26%
Captain Marvel - 2013 Miss Marvel
26%
Le grand méchant Loup - 1934 Nif-Nif
26%
Le grand méchant Loup - 1934 Nouf-Nouf
26%
Basil, détective privé -1986 Ratigan
26%
Cars 2 - 2011 Finn McMissile
25%
Il était une fois - 2007 Giselle
25%
Star Wars, épisode VII : Le Réveil de la Force - 2015 Kylo Ren
25%
Agent Spécial Oso - 2009 Oso
25%
Le Livre de la jungle - 1967 Roi Louie
25%
Le Roi lion - 1994 Shenzi
25%
Le Roi lion - 1994 Banzaï
23%
Star Wars, épisode I : La Menace fantôme - 1999 Mace Windu
23%
Star Wars, épisode I : La Menace fantôme - 1999 Padmé Amidala
23%
Star Wars: Clone Wars - 2008 Ahsoka Tano
21%
Mary Poppins - 1964 Bert
21%
Lilo et Stitch - 2002 Gantu
21%
Pinocchio - 1940 Gédéon
21%
Les Nouveaux Héros - 2014 Hiro Hamada
21%
Encanto - 2021 Luisa Madrigal
21%
La Fée Clochette - 2008 Noa
21%
Hercule - 1997 Philoctète
21%
Le Bossu de Notre-Dame - 1996 Phoebus
21%
Cars - 2006 Red
21%
Le Fléau de Capistrano - 1919 Sergent Garcia
21%
La Bande a Picsou - 1987 Zaza Vanderquack
21%
Mickey laboureur - 1929 Horace
19%
Star Wars, épisode II : L'Attaque des clones - 2002 Jango Fett
19%
Pocahontas - 1995 John Ratcliffe
19%
Lilo et Stitch - 2002 Jumba
19%
Avengers - 1973 Mantis
19%
Pocahontas - 1995 Meeko
19%
Atlantide, l'empire perdu - 2001 Milo Thatch
19%
La Fée Clochette - 2008 Ondine
19%
Tic et Tac séducteurs - 1952 Clarisse
17%
Cars - 2006 DJ
17%
Elementaire - 2023 Flack Delamare
17%
Alice au pays des merveilles - 1951 Le Morse
17%
Donald et l'Auto-défense - 1951 Les Rapetou
17%
Special Marvel Edition - 1973 Shang-Chi
17%
? - 1945 Basile
15%
Star Wars, épisode VII : Le Réveil de la Force - 2015 Capitaine Phasma
15%
Cars 3 - 2017 Cruz Ramirez
15%
Saludos Amigos - 1942 José Carioca
15%
Tarzan - 1999 Kerchak
15%
Atlantide, l'empire perdu - 2001 Kida Nedakh
15%
La Reine des neiges - 2013 Oaken
15%
Le Muppet Show - 1974 Piggy
15%
Robin des Bois - 1973 Shérif de Nottingham
15%
Kingdom Hearts - 2002 Sora
15%
Les 4 Fantastiques - 1970 Agatha Harkness
13%
Luca - 2021 Alberto Scorfano
13%
Bluey - 2018 Bingo
13%
? - 1945 Boniface
13%
Tarzan - 1999 Kala
13%
Bienvenue chez les Robinson - 2007 l'Homme au chapeau melon
13%
Mulan - 1998 Li Shang
13%
Alerte Rouge - 2022 Meilin Lee
13%
Alerte Rouge - 2022 Meilin Lee
13%
Bambi - 1942 Miss Bunny
13%
Volt, star malgré lui - 2008 Mittaine
13%
Moon Girl And Devil Dinosaur - 2015 Moon Girl
13%
Werewolf by Night - 1975 Moon Knight
13%
Myster Mask - 1991 Myster Mask
13%
La piñata - 1943 Panchito Pistoles
13%
Toy Story 2 - 1999 Papi Pépite
13%
Cendrillon - 1950 Perla
13%
Lilo et Stitch - 2002 Pikly
13%
Les Aristochats - 1970 Scat cat
13%
1001 Pattes - 1998 Tilt
13%
En Avant - 2020 Barley Lightfoot
11%
He's Bonkers - 1992 Bonkers D. Bobcat
11%
Le Bossu de Notre-Dame - 1996 Clopin
11%
Pinocchio - 1940 Crapule
11%
Clochette et le Secret des fées - 2012 Cristal
11%
1001 Pattes - 1998 Fil
11%
La Bande a Picsou - 1987 Flagada Jones
11%
Monstres et Cie - 2001 Georges
11%
La Fée Clochette - 2008 Iridessa
11%
Le Monde de Narnia Le Lion, la Sorcière blanche et l'Armoire magique - 2005 Jadis
11%
Star Wars, épisode IV : Un nouvel espoir - 1977 Jawa
11%
Black Panther - 1998 Okoye
11%
Bernard et Bianca - 1977 Orville
11%
Rebelle - 2012 Reine Elinor
11%
Kim Possible - 2002 Ron
11%
La Fée Clochette - 2008 Terence
11%
Tarzan - 1999 Tok
11%
La Fée Clochette - 2008 Vidia
11%
Chicken Little - 2005 Abby Mallard
9%
1001 Pattes - 1998 Atta
9%
Marvel Premiere - 1979 Cassandra Lang
9%
Zootopie - 2016 Clawhauser
9%
Star Wars, épisode III : La Revanche des Sith - 2005 Commandant Cody
9%
Star Wars, épisode II : L'Attaque des clones - 2002 Comte Dooku
9%
Les Nouveaux Héros - 2014 Fred
9%
Phinéas et Ferb - 2007 Heinz Doofenshmirtz
9%
Les Nouveaux Héros - 2014 Honey Lemon
9%
Fantasia - 1940 Hyacinth Hippo
9%
Qui veut la peau de Roger Rabbit - 1988 Juge DeMort
9%
Young Avengers - 2005 Kate Bishop
9%
Frère des ours - 2003 Kenaï
9%
Avengers - 1980 Maître de corvée
9%
1001 Pattes - 1998 Marcel
9%
La Reine des neiges - 2013 Marshmallow
9%
La Fée Clochette - 2008 Rosélia
9%
Oliver et Compagnie -1988 Roublard
9%
Cendrillon - 1950 Suzy
9%
Pirates des Caraïbes : La Fontaine de Jouvence - 2011 Angelica Teach
8%
Le Livre de la jungle - 1967 Colonel Hathi
8%
Black Panther - 1998 Dora Milaje
8%
The Mandalorian - 2019 Fennec Shand
8%
Les Nouveaux Héros - 2014 GoGo Tomago
8%
Marvel Spotlight - 1972 Jack Russell
8%
Super Baloo - 1990 Kit Cloudkicker
8%
Star Wars, épisode II : L'Attaque des clones - 2002 Kit Fisto
8%
Alerte Rouge - 2022 Ming Lee
8%
Star Wars, épisode VII : Le Réveil de la Force - 2015 Porg
8%
Les Nouveaux Héros - 2014 Wasabi
8%
Bienvenue chez les Robinson - 2007 Wilbur Robinson
8%
Star Wars, épisode II : L'Attaque des clones - 2002 Zam Wesell
8%
Star Wars, épisode II : L'Attaque des clones - 2002 Aayla Secura
6%
Bloodstone - 2001 Bloodstone
6%
Coquin de printemps - 1947 Bongo et Lulubelle
6%
Qui veut la peau de Roger Rabbit - 1988 Eddie Valiant
6%
Lilo et Stitch, la série - 2003 Felix
6%
Tic et Tac, les rangers du risque - 1989 Gadget
6%
Atlantide, l'empire perdu - 2001 Gaëtan Molière
6%
Star Wars, épisode IV : Un nouvel espoir - 1977 Greedo
6%
Stitch ! le film - 2003 Jacques von Hamsterviel
6%
Les Petits Einstein - 2005 Leo
6%
Les Nouveaux Héros - 2014 Le professeur Callaghan
6%
Bienvenue chez les Robinson - 2007 Lewis Robinson
6%
Les Aventuriers de l'arche perdue - 1981 Marion Ravenwood
6%
Avengers - 1969 M’Baku
6%
La fille du banquier - 1927 Ortensia
6%
La ferme se rebelle - 2004 Pearl Gasner
6%
Star Wars, épisode IV : Un nouvel espoir - 1977 Pilote de TIE
6%
Stitch ! le film - 2003 Reuben
6%
Volt, star malgré lui - 2008 Rhino
6%
Star Wars, épisode II : L'Attaque des clones - 2002 Shaak Ti
6%
Stitch ! le film - 2003 Sparky
6%
Star Wars, épisode I : La Menace fantôme - 1999 Tusken
6%
Monstres et Cie - 2001 Albérique
4%
Star Wars: Clone Wars - 2003 Asajj Ventress
4%
Les trois caballeros - 1944 Aurora Miranda
4%
Star Wars Rebels - 2014 Chopper
4%
Strange Tales - 1963 Circé
4%
Mes amis Tigrou et Winnie - 2007 Darby
4%
Star Wars, épisode V : L'Empire contre-attaque - 1980 Dengar
4%
La Reine des neiges - 2013 Duc de Weselton
4%
Atlantide, l'empire perdu - 2001 Enzo Santorini
4%
Gargoyles, les anges de la nuit - 1994 Goliath
4%
Jojo Circus - 2003 Goliath le Lion
4%
Star Wars Rebels - 2014 Hera Syndulla
4%
The Eternals - 1977 Kingo Sunen
4%
Fantasia - 1940 Madame Upanova
4%
Eternals - 1985 Phastos
4%
Super Baloo - 1990 Rebecca Cunningham
4%
Star Wars Rebels - 2014 Sabine Wren
4%
Lilo et Stitch, la série - 2003 627
2%
Les Petits Einstein - 2005 Annie
2%
Jake et les Pirates du Pays imaginaire - 2011 Bones
2%
Tic et Tac, les rangers du risque - 1989 Catox
2%
1001 Pattes - 1998 Chivap et Chichi
2%
Les Gummi - 1985 Cubbi Gummi
2%
Docteur La Peluche - 2012 Dottie
2%
Peter et Elliott le dragon - 1977 Dr. Terminus
2%
Les Gummi - 1985 Grammi Gummi
2%
Les Gummi - 1985 Gruffi Gummi
2%
1001 Pattes - 1998 Gypsy
2%
Les Petits Einstein - 2005 June
2%
Les trois caballeros - 1944 Le gaucho volant et Buritto
2%
Le Monde Merveilleux en couleurs de Walt Disney - 1961 Ludwig Von Drake
2%
Les 4 fantastiques - 1963 Nathaniel Richards
2%
Doug - 1991 Patti
2%
Les Petits Einstein - 2005 Quincy
2%
Club Penguin - 2005 Rockhopper
2%
L'Apprentie sorcière - 1971 Roi Léonidas
2%
Jake et les Pirates du Pays imaginaire - 2011 Sharky
2%
Les Gummi - 1985 Sunni Gummi
2%
The Frog Prince - 1971 Sweetums
2%
Les Gummi - 1985 Tummi Gummi
2%
Rolie Polie Olie - 1998 Zowie Polie
2%
Les Gummi - 1985 Zummi Gummi
2%
Lilo et Stitch, la série - 2003 Echo
0%
Visite d'inspection - 1943 Grand-mère Donald
0%
Mary Poppins - 1964 Pingouins serveurs
0%
Aucun quiz correspondant
Distribution des résultats
% des personnes avec chaque résultat
Percentile par nombre de réponses
Votre historique - résultats
Vous n’avez pas pris ce quiz